日本に定期旅客便で就航する航空会社 - Statistics

General Stats
  • This quiz has been taken 90 times
    81 since last reset
  • The average score is 52 of 115
Answer Stats
地域 航空会社名 % Correct
日本 日本航空(JAL)
96%
日本 全日本空輸(ANA)
93%
日本 スカイマーク
85%
日本 Peach Aviation
85%
日本 ソラシドエア
75%
東アジア 大韓航空
75%
日本 スターフライヤー
73%
東アジア 中国東方航空
69%
北米 アメリカン航空
69%
東アジア 中国南方航空
67%
日本 ジェットスター・ジャパン
65%
東アジア アシアナ航空
65%
オセアニア カンタス航空
65%
西アジア エミレーツ航空
64%
ヨーロッパ フィンエアー
64%
北米 ユナイテッド航空
64%
日本 AIRDO
64%
日本 琉球エアコミューター
62%
東アジア チェジュ航空
62%
東アジア チャイナエアライン
62%
東南アジア シンガポール航空
62%
ヨーロッパ ルフトハンザドイツ航空
62%
日本 フジドリームエアラインズ
60%
西アジア カタール航空
60%
ヨーロッパ エールフランス
60%
北米 デルタ航空
60%
北米 ハワイアン航空
60%
日本 日本トランスオーシャン航空
58%
東南アジア ガルーダ・インドネシア航空
58%
ヨーロッパ ブリティッシュ・エアウェイズ
58%
東アジア 中国国際航空
56%
東南アジア ベトナム航空
56%
東南アジア タイ国際航空
56%
ヨーロッパ ターキッシュ エアラインズ
56%
北米 エア・カナダ
56%
オセアニア ニュージーランド航空
56%
日本 北海道エアシステム
55%
日本 トキエア
55%
東アジア キャセイパシフィック航空
55%
東南アジア マレーシア航空
55%
南アジア エア・インディア
55%
日本 ZIPAIR Tokyo
55%
東アジア 春秋航空
53%
東南アジア エアアジア
53%
西アジア エティハド航空
53%
日本 天草エアライン
51%
東アジア エバー航空
51%
ヨーロッパ イベリア航空
51%
アフリカ エチオピア航空
51%
ヨーロッパ KLMオランダ航空
51%
日本 エアージャパン
49%
日本 日本エアコミューター
49%
東アジア ジンエアー
49%
東南アジア フィリピン航空
49%
東アジア エアプサン
47%
アフリカ エジプト航空
47%
日本 オリエンタルエアブリッジ
45%
東アジア エアソウル
45%
東アジア タイガーエア台湾
45%
東南アジア スクート
45%
日本 スプリング・ジャパン
44%
東アジア 上海航空
44%
東南アジア セブパシフィック航空
42%
日本 新中央航空
40%
日本 アイベックスエアラインズ
40%
東アジア 深圳航空
40%
東アジア 香港エクスプレス航空
40%
ヨーロッパ スカンジナビア航空
40%
北米 アエロメヒコ航空
40%
東アジア 厦門航空
38%
東アジア スターラックス航空
38%
中央アジア ウズベキスタン航空
38%
ヨーロッパ LOTポーランド航空
38%
東南アジア エアアジア X
38%
日本 ジェイエア
36%
東アジア 海南航空
36%
東南アジア ベトジェットエア
36%
南アジア スリランカ航空
36%
東アジア ティーウェイ航空
35%
東アジア 四川航空
35%
東アジア 香港航空
35%
東アジア マカオ航空
35%
ヨーロッパ オーストリア航空
35%
東南アジア タイ・エアアジア
33%
西アジア エル・アル航空
33%
ヨーロッパ ITAエアウェイズ
33%
東アジア 天津航空
31%
東南アジア ロイヤルブルネイ航空
31%
ヨーロッパ スイス インターナショナル エアラインズ
31%
オセアニア ジェットスター航空
31%
日本 ANAウイングス
31%
東アジア MIATモンゴル航空
31%
東アジア 吉祥航空
29%
東アジア 青島航空
29%
南アジア ネパール航空
27%
東アジア エアロK
27%
日本 東邦航空
25%
東アジア イースター航空
25%
東アジア エアプレミア
25%
東アジア 北京首都航空
25%
オセアニア エア タヒチ ヌイ
24%
東南アジア タイ・ライオン・エア
22%
オセアニア フィジー・エアウェイズ
22%
東アジア 山東航空
20%
東南アジア バティック・エア・マレーシア
20%
東アジア アエロ・モンゴリア
18%
東アジア グレーター・ベイ航空
16%
東南アジア エアアジア・フィリピン
16%
東南アジア タイ・エアアジア X
16%
東南アジア タイ・ベトジェットエア
15%
北米 ウエストジェット航空
11%
東アジア 長竜航空
9%
東南アジア エア・カンボジア
9%
東アジア 九元航空
7%
東アジア 河北航空
7%
No matching quizzes found
Score Distribution
Percent of People with Each Score
Percentile by Number Answered
Your Score History
You have not taken this quiz since the last reset